=LDR 00000nam 2200000 4500 =001 INLIS000000000025250 =005 20130612123757 =008 ***********************************Ind** =035 ##$$0010-061300000025250 =041 ##$$a Ind =082 ##$$a 646.72 =090 ##$$a 646.73, Kus p =100 ##$$a Kusumadewi =245 ##$$a Pengetahuan dan seni tata rambut moderen, Kusumadewi =260 ##$$a 2001 $b Jakarta =300 ##$$a xxiii, 220 hlm, ilus, 25 cm =650 ##$$a Kecantikan diri =850 ##$$a NBPNMAT